<?xml version="1.0" encoding="UTF-8"?>
<record
    xmlns:xsi="http://www.w3.org/2001/XMLSchema-instance"
    xsi:schemaLocation="http://www.loc.gov/MARC21/slim http://www.loc.gov/standards/marcxml/schema/MARC21slim.xsd"
    xmlns="http://www.loc.gov/MARC21/slim">

  <leader>03054nam a2200265   4500</leader>
  <controlfield tag="001">ESSALUD</controlfield>
  <controlfield tag="005">20260701103053.0</controlfield>
  <controlfield tag="007">ta</controlfield>
  <controlfield tag="008">      t        pe ||||| |||| 00| 0 spa d</controlfield>
  <datafield tag="040" ind1=" " ind2=" ">
    <subfield code="a">BMG</subfield>
  </datafield>
  <datafield tag="041" ind1=" " ind2=" ">
    <subfield code="a">spa</subfield>
  </datafield>
  <datafield tag="100" ind1=" " ind2=" ">
    <subfield code="a">Pineda Aubi&#xE1;n, F. Mart&#xED;n </subfield>
    <subfield code="e">Autor</subfield>
    <subfield code="9">47594</subfield>
  </datafield>
  <datafield tag="245" ind1=" " ind2=" ">
    <subfield code="a">&#xBF;La nueva Superintendencia de Defensa P&#xFA;blica y acceso a la justicia favorecer&#xE1; la institucionalizaci&#xF3;n de la conciliaci&#xF3;n extrajudicial en el Per&#xFA;?</subfield>
    <subfield code="b">Breve an&#xE1;lisis al Decreto Legislativo N&#xBA; 1703 que crea la Sunadep</subfield>
  </datafield>
  <datafield tag="246" ind1=" " ind2=" ">
    <subfield code="a">Will the new Superintendency of Public Defense and Access to Justice foster the institutionalization of out-of-court conciliation in Peru?</subfield>
    <subfield code="b">A brief analysis of Legislative Decree No. 1703, establishing SUNADEP</subfield>
  </datafield>
  <datafield tag="300" ind1=" " ind2=" ">
    <subfield code="a">p&#xE1;ginas 193-197</subfield>
  </datafield>
  <datafield tag="520" ind1=" " ind2=" ">
    <subfield code="a">Mediante el reciente Decreto Legislativo N&#xB0; 1703 se ha creado la Superintendencia de Defensa P&#xFA;blica y Acceso a la Justicia (Sunadep), entidad que ahora tendr&#xE1; la conducci&#xF3;n de la conciliaci&#xF3;n extrajudicial, funci&#xF3;n que durante m&#xE1;s de dos d&#xE9;cadas
desempe&#xF1;&#xF3; el Ministerio de Justicia a trav&#xE9;s de un &#xF3;rgano t&#xE9;cnico especializado como
lo es la Direcci&#xF3;n de Conciliaci&#xF3;n Extrajudicial y Mecanismos Alternativos de Soluci&#xF3;n
de Conflictos. Sobre el particular, el autor expresa su preocupaci&#xF3;n de que esta reorganizaci&#xF3;n genere p&#xE9;rdida de especializaci&#xF3;n, retraso en acreditaciones de conciliadores o debilitamiento del sistema sancionador a los malos operadores de la conciliaci&#xF3;n, lo cual podr&#xED;a conllevar a una regresi&#xF3;n nefasta del sistema conciliatorio en su conjunto, pues advierte que la Sunadep es, en esencia, un organismo ejecutor, no un ente especializado en regulaci&#xF3;n de medios alternativos de resoluci&#xF3;n de conflictos.
</subfield>
  </datafield>
  <datafield tag="520" ind1=" " ind2=" ">
    <subfield code="a">Through the recent Legislative Decree No. 1703, the Superintendency of Public Defense
and Access to Justice (SUNADEP) has been established. This entity shall now oversee out-of-court conciliation, a function performed for over two decades by the Ministry of Justice through a specialized technical body: the Directorate of Out-of-Court Conciliation and Afternote Dispute Resolution Mechanisms. Regarding this matter, the author expresses concern that such reorganization may result in o loss of expertise, delays in the accreditation of conciliators, or the weakening of the disciplinary framework applicable to misconduct by practitioners. This could lead to a detrimental regression of the conciliation system as a whole, as the author notes that SUNADEP is essentially on executive agency rother thon a specialized body far the regulation of Alternative Dispute Resolution (ADR).
</subfield>
  </datafield>
  <datafield tag="650" ind1=" " ind2=" ">
    <subfield code="a">CONCILIACI&#xD3;N</subfield>
    <subfield code="9">10121</subfield>
  </datafield>
  <datafield tag="650" ind1=" " ind2=" ">
    <subfield code="a">MEDIOS ALTERNATIVOS DE RESOLUCI&#xD3;N DE CONFLICTOS</subfield>
    <subfield code="9">52973</subfield>
  </datafield>
  <datafield tag="650" ind1=" " ind2=" ">
    <subfield code="a">SUNADEP</subfield>
    <subfield code="9">52974</subfield>
  </datafield>
  <datafield tag="650" ind1=" " ind2=" ">
    <subfield code="a">CONCILIATION</subfield>
    <subfield code="9">52975</subfield>
  </datafield>
  <datafield tag="650" ind1=" " ind2=" ">
    <subfield code="a">ALTERNATIVE DISPUTE RESOLUTION</subfield>
    <subfield code="9">52976</subfield>
  </datafield>
  <datafield tag="773" ind1="0" ind2=" ">
    <subfield code="0">22573</subfield>
    <subfield code="9">22620</subfield>
    <subfield code="d">Lima Grupo Praxis Formaci&#xF3;n Profesional, 2026-</subfield>
    <subfield code="o">PRA001</subfield>
    <subfield code="t">Praxis Civil &amp; Procesal Civil</subfield>
    <subfield code="w">ESSALUD</subfield>
    <subfield code="x">3119-7671</subfield>
  </datafield>
  <datafield tag="942" ind1=" " ind2=" ">
    <subfield code="c">ARTICULOS</subfield>
    <subfield code="e">2026-06-30</subfield>
    <subfield code="z">sqb</subfield>
  </datafield>
  <datafield tag="999" ind1=" " ind2=" ">
    <subfield code="c">22581</subfield>
    <subfield code="d">22581</subfield>
  </datafield>
</record>
